000 00890nas a2200289 4500
001 BR0904221
003 BR-BrBNA
005 20231205113305.0
007 ta
008 230509b bl.|||p| |||| 00| 00por d
040 _aBR-BrBNA
_bpor
_cBiblioteca Nacional de Agricultura
041 _a(Pt)
072 _aL70
100 1 _aPaiva, A.C.
100 1 _aSaad, F.M.O.B.
100 1 _aLeite, C.A.L.
100 1 _aDuarte, A.
100 1 _aPereira, D.A.R.
100 1 _aJardim, C.A.C.
245 1 _aEficácia dos coadjuvantes de higiene bucal utilizados na alimentação de cães
650 _aCÃO
650 _aHIGIÊNE VETERINÁRIA
650 _aNUTRIÇÃO ANIMAL
773 0 _tArquivo Brasileiro de Medicina Veterinária e Zootecnia (Brazil)
_xISSN 0102-0935
_g(Oct 2007), v. 59(5) p. 1177-1183
_wBR0904221
909 _a202311
_bLúcia
_c55
_dLúcia Elande
942 _2AGRIS
_n0
_cANA
999 _c202940
_d202940